Mayhem albums - Statistics

General Stats
  • This quiz has been taken 56 times
    51 since last reset
  • The average score is 4 of 6
Answer Stats
Year Album % Correct
1994 De Mysteriis Dom Sathanas
93%
2004 Chimera
83%
2000 Grand Declaration of War
72%
2019 Daemon
59%
2014 Esoteric Warfare
55%
2007 Ordo Ad Chao
45%
No matching quizzes found
Score Distribution
Percent of People with Each Score
Percentile by Number Answered
Your Score History
You have not taken this quiz since the last reset